000 00292nam a22001097a 4500
008 210719b ||||| |||| 00| 0 eng d
245 _aNational Competition Policy 2020
260 _aThimphu :
_bMinistry of Economic affairs,
_c2020.
300 _a10 p.
_c20 cm.
650 _aPolicy
942 _2ddc
999 _c8801
_d8802